[Event "Wolrd Chess Olympiad 2018"]
[Site "Batumi"]
[Date "2018.10.02"]
[Round "8"]
[Board "2"]
[WhiteFideId "22400079"]
[White "Dabuae David"]
[BlackFideId "17800048"]
[Black "Winston Gerald Mansfield Thomas"]
[Result "1-0"]
[LiveChessVersion "1.4.8"]
[BlackElo "1844"]
[WhiteElo "1723"]

1. e4 {[%clk 1:30:58]} c5 {[%clk 1:30:48]} 2. Nf3 {[%clk 1:31:27]} d6
{[%clk 1:31:04]} 3. c3 {[%clk 1:31:30]} Nf6 {[%clk 1:31:18]} 4. Be2
{[%clk 1:31:42]} a6 {[%clk 1:31:24]} 5. O-O {[%clk 1:32:02]} Nc6 {[%clk 1:31:41]}
6. d3 {[%clk 1:32:31]} e5 {[%clk 1:31:48]} 7. h3 {[%clk 1:32:53]} Be7
{[%clk 1:31:39]} 8. Nh2 {[%clk 1:33:34]} O-O {[%clk 1:31:50]} 9. f4
{[%clk 1:34:01]} d5 {[%clk 1:31:18]} 10. fxe5 {[%clk 1:33:23]} Nxe5
{[%clk 1:31:36]} 11. d4 {[%clk 1:33:43]} Ng6 {[%clk 1:31:26]} 12. exd5
{[%clk 1:31:21]} Nxd5 {[%clk 1:31:41]} 13. c4 {[%clk 1:31:31]} Nf6
{[%clk 1:31:30]} 14. d5 {[%clk 1:31:58]} Ne4 {[%clk 1:29:59]} 15. Bd3
{[%clk 1:31:57]} Nd6 {[%clk 1:28:52]} 16. Nd2 {[%clk 1:31:22]} Ne5
{[%clk 1:28:04]} 17. Be2 {[%clk 1:31:36]} Bf6 {[%clk 1:27:59]} 18. Ndf3
{[%clk 1:31:46]} Nexc4 {[%clk 1:26:33]} 19. Qc2 {[%clk 1:32:04]} b5
{[%clk 1:26:01]} 20. Rb1 {[%clk 1:32:01]} Bf5 {[%clk 1:24:00]} 21. Bd3
{[%clk 1:32:25]} Bxd3 {[%clk 1:23:24]} 22. Qxd3 {[%clk 1:32:52]} Ne5
{[%clk 1:20:35]} 23. Nxe5 {[%clk 1:33:21]} Bxe5 {[%clk 1:20:37]} 24. Ng4
{[%clk 1:33:50]} Bd4+ {[%clk 1:20:23]} 25. Be3 {[%clk 1:34:19]} Bxe3+
{[%clk 1:19:47]} 26. Qxe3 {[%clk 1:34:48]} Rc8 {[%clk 1:19:07]} 27. Rbd1
{[%clk 1:33:19]} Re8 {[%clk 1:19:08]} 28. Qg3 {[%clk 1:33:42]} Kh8
{[%clk 1:18:08]} 29. Ne5 {[%clk 1:33:08]} f6 {[%clk 1:14:54]} 30. Nc6
{[%clk 1:31:24]} Qd7 {[%clk 1:15:04]} 31. Rfe1 {[%clk 1:31:03]} Ne4
{[%clk 1:14:48]} 32. Qf4 {[%clk 1:25:07]} Nd6 {[%clk 1:08:59]} 33. g4
{[%clk 1:25:15]} Nf7 {[%clk 1:08:28]} 34. h4 {[%clk 1:23:50]} h6 {[%clk 1:03:14]}
35. Kf2 {[%clk 1:23:21]} c4 {[%clk 1:01:25]} 36. Qf5 {[%clk 1:00:38]} Qd6
{[%clk 0:54:26]} 37. Kg2 {[%clk 1:00:52]} Ra8 {[%clk 0:44:54]} 38. Re6
{[%clk 0:55:51]} Rxe6 {[%clk 0:36:24]} 39. Qxe6 {[%clk 1:26:19]} Qf4
{[%clk 1:05:42]} 40. Rd4 {[%clk 1:26:03]} Qc7 {[%clk 1:05:22]} 41. Ne7
{[%clk 1:24:45]} Ne5 {[%clk 0:58:36]} 42. g5 {[%clk 1:20:50]} Rf8
{[%clk 0:39:18]} 43. gxf6 {[%clk 1:09:20]} gxf6 {[%clk 0:38:50]} 44. Rf4
{[%clk 1:08:36]} Kg7 {[%clk 0:30:48]} 45. Rxf6 {[%clk 1:07:26]} Rf7
{[%clk 0:21:54]} 46. d6 {[%clk 1:02:52]} Qb7+ {[%clk 0:21:23]} 47. Kg3
{[%clk 1:00:57]} Qh1 {[%clk 0:13:51]} 48. Rxf7+ {[%clk 1:01:01]} Nxf7
{[%clk 0:14:05]} 49. Qg6+ {[%clk 1:01:26]} Kf8 {[%clk 0:13:49]} 50. Qg8#
{[%clk 1:01:51]} 1-0

[Event "Wolrd Chess Olympiad 2018"]
[Site "Batumi"]
[Date "2018.10.02"]
[Round "8"]
[Board "3"]
[WhiteFideId "10001034"]
[White "Lwebuga Ronald"]
[BlackFideId "22400117"]
[Black "Taleka Jed Selu"]
[Result "1-0"]
[LiveChessVersion "1.4.8"]
[BlackElo "1723"]
[WhiteElo "1819"]

1. Nf3 {[%clk 1:30:52]} d5 {[%clk 1:30:10]} 2. d4 {[%clk 1:31:14]} Nf6
{[%clk 1:30:21]} 3. g3 {[%clk 1:31:29]} Bf5 {[%clk 1:30:02]} 4. Bg2
{[%clk 1:31:15]} Nbd7 {[%clk 1:30:17]} 5. Nbd2 {[%clk 1:31:09]} e6
{[%clk 1:30:31]} 6. c4 {[%clk 1:31:30]} Bb4 {[%clk 1:30:05]} 7. cxd5
{[%clk 1:31:34]} exd5 {[%clk 1:30:19]} 8. Qb3 {[%clk 1:31:26]} Bxd2+
{[%clk 1:29:16]} 9. Bxd2 {[%clk 1:31:31]} O-O {[%clk 1:29:08]} 10. O-O
{[%clk 1:27:46]} Be4 {[%clk 1:29:09]} 11. Rac1 {[%clk 1:26:40]} b6
{[%clk 1:27:53]} 12. Bf4 {[%clk 1:25:06]} Rc8 {[%clk 1:26:27]} 13. Rc6
{[%clk 1:20:39]} Nh5 {[%clk 1:25:05]} 14. Bg5 {[%clk 1:20:06]} Qe8
{[%clk 1:23:28]} 15. Rfc1 {[%clk 1:20:16]} h6 {[%clk 1:23:17]} 16. Bd2
{[%clk 1:20:39]} Qd8 {[%clk 1:20:21]} 17. Bh3 {[%clk 1:19:49]} Kh8
{[%clk 1:17:59]} 18. Bxh6 {[%clk 1:18:00]} f5 {[%clk 1:14:22]} 19. Nh4
{[%clk 1:16:40]} Rf6 {[%clk 1:13:06]} 20. Bd2 {[%clk 1:14:44]} Rxc6
{[%clk 1:13:05]} 21. Rxc6 {[%clk 1:15:11]} Nb8 {[%clk 1:11:50]} 22. Rc1
{[%clk 1:15:38]} Qf6 {[%clk 1:11:20]} 23. f3 {[%clk 1:12:43]} g5 {[%clk 1:10:00]}
24. fxe4 {[%clk 1:10:24]} gxh4 {[%clk 1:09:08]} 25. e5 {[%clk 1:04:44]} Qe6
{[%clk 1:08:39]} 26. Qf3 {[%clk 1:04:46]} Ng7 {[%clk 1:08:38]} 27. Bg5
{[%clk 1:02:56]} Nd7 {[%clk 1:08:34]} 28. Bxh4 {[%clk 1:02:58]} c5
{[%clk 1:05:37]} 29. e3 {[%clk 1:01:51]} c4 {[%clk 1:05:34]} 30. Bg2
{[%clk 1:01:44]} Nxe5 {[%clk 1:03:44]} 31. dxe5 {[%clk 1:01:34]} Qxe5
{[%clk 1:04:00]} 32. Rc3 {[%clk 0:56:46]} d4 {[%clk 1:00:40]} 33. exd4
{[%clk 0:56:34]} Qxd4+ {[%clk 1:00:49]} 34. Qe3 {[%clk 0:55:49]} Qd1+
{[%clk 1:00:40]} 35. Bf1 {[%clk 0:56:04]} Re8 {[%clk 1:00:40]} 36. Qf2
{[%clk 0:49:38]} b5 {[%clk 0:57:33]} 37. Bf6 {[%clk 0:49:25]} Qd7
{[%clk 0:57:10]} 38. Qd4 {[%clk 0:42:32]} Qf7 {[%clk 0:56:37]} 39. Rf3
{[%clk 0:41:01]} Rf8 {[%clk 0:56:12]} 40. Be5 {[%clk 1:06:24]} Kg8
{[%clk 1:26:23]} 41. Bxg7 {[%clk 1:05:39]} Qxg7 {[%clk 1:26:51]} 42. Qxg7+
{[%clk 1:05:20]} Kxg7 {[%clk 1:27:14]} 43. Ra3 {[%clk 1:05:37]} Rf7
{[%clk 1:27:26]} 44. Ra5 {[%clk 1:05:51]} Rb7 {[%clk 1:27:16]} 45. Ra6
{[%clk 1:05:51]} Rd7 {[%clk 1:26:29]} 46. a4 {[%clk 1:06:00]} bxa4
{[%clk 1:25:22]} 47. Rxa4 {[%clk 1:04:42]} Rd2 {[%clk 1:25:04]} 48. Rxa7+
{[%clk 1:04:43]} Kf6 {[%clk 1:25:32]} 49. Rb7 {[%clk 1:03:09]} Rc2
{[%clk 1:25:46]} 50. Rb4 {[%clk 1:03:22]} c3 {[%clk 1:25:55]} 51. bxc3
{[%clk 1:03:25]} Rxc3 {[%clk 1:26:09]} 52. Rf4 {[%clk 1:00:47]} Kg5
{[%clk 1:25:16]} 53. Kg2 {[%clk 0:56:57]} 1-0

[Event "Wolrd Chess Olympiad 2018"]
[Site "Batumi"]
[Date "2018.10.02"]
[Round "8"]
[Board "1"]
[WhiteFideId "12100293"]
[White "Nezad Husein Aziz"]
[BlackFideId "19800029"]
[Black "Traore Bakary"]
[Result "1-0"]
[LiveChessVersion "1.4.8"]
[BlackElo "2169"]
[WhiteElo "2412"]

1. d4 {[%clk 1:30:56]} Nf6 {[%clk 1:30:46]} 2. Nf3 {[%clk 1:30:46]} g6
{[%clk 1:31:00]} 3. Nbd2 {[%clk 1:30:16]} d5 {[%clk 1:30:44]} 4. e3
{[%clk 1:30:23]} Bg7 {[%clk 1:30:56]} 5. c4 {[%clk 1:30:39]} c6 {[%clk 1:30:50]}
6. b4 {[%clk 1:30:12]} O-O {[%clk 1:30:13]} 7. Bb2 {[%clk 1:30:37]} Nbd7
{[%clk 1:27:29]} 8. Be2 {[%clk 1:29:44]} dxc4 {[%clk 1:25:53]} 9. Nxc4
{[%clk 1:29:04]} Nb6 {[%clk 1:25:10]} 10. Na5 {[%clk 1:26:39]} Rb8
{[%clk 1:24:53]} 11. O-O {[%clk 1:26:08]} Bf5 {[%clk 1:24:24]} 12. a3
{[%clk 1:23:20]} h6 {[%clk 1:21:54]} 13. Rc1 {[%clk 1:22:22]} Qd6
{[%clk 1:19:27]} 14. Nd2 {[%clk 1:18:40]} h5 {[%clk 1:16:31]} 15. Re1
{[%clk 1:04:13]} Bh6 {[%clk 1:12:43]} 16. Bf3 {[%clk 0:51:18]} Bg4
{[%clk 1:09:20]} 17. h3 {[%clk 0:51:38]} Bxf3 {[%clk 1:08:22]} 18. Nxf3
{[%clk 0:52:05]} Ne4 {[%clk 1:03:21]} 19. Qc2 {[%clk 0:51:20]} Qd5
{[%clk 0:55:12]} 20. Ne5 {[%clk 0:51:01]} Bg7 {[%clk 0:47:08]} 21. Rcd1
{[%clk 0:45:53]} Nf6 {[%clk 0:46:04]} 22. e4 {[%clk 0:44:13]} Qd8
{[%clk 0:43:34]} 23. Nd3 {[%clk 0:38:13]} Nfd7 24. Bc1 Qc7 {[%clk 0:40:12]} 25.
Bf4 {[%clk 0:37:44]} e5 {[%clk 0:40:19]} 26. Bg3 {[%clk 0:35:14]} f6
{[%clk 0:38:26]} 27. Re2 {[%clk 0:33:44]} Rbc8 {[%clk 0:38:33]} 28. Qb3+
{[%clk 0:33:55]} Kh7 {[%clk 0:38:00]} 29. Rc2 {[%clk 0:29:53]} Qb8
{[%clk 0:34:12]} 30. Nc5 f5 31. exf5 {[%clk 0:27:37]} gxf5 {[%clk 0:34:20]} 32.
Qf3 {[%clk 0:22:51]} f4 {[%clk 0:34:30]} 33. Qxh5+ {[%clk 0:21:04]} Kg8
{[%clk 0:34:41]} 34. Bh4 {[%clk 0:20:23]} Nxc5 35. dxc5 {[%clk 0:19:29]} Nd5
{[%clk 0:31:57]} 36. Nc4 {[%clk 0:19:49]} Rc7 {[%clk 0:29:26]} 37. Nxe5
{[%clk 0:18:53]} Qc8 {[%clk 0:28:29]} 38. Nf3 {[%clk 0:18:05]} Qe8
{[%clk 0:28:24]} 39. Qg4 {[%clk 0:14:21]} Qe4 {[%clk 0:24:18]} 40. Rcd2
{[%clk 0:44:27]} Qf5 {[%clk 0:52:44]} 41. Qxf5 {[%clk 0:35:10]} Rxf5
{[%clk 0:52:57]} 42. Rd3 {[%clk 0:35:35]} Rc8 {[%clk 0:52:00]} 43. Nd2
{[%clk 0:30:13]} a5 {[%clk 0:51:29]} 44. Nc4 {[%clk 0:30:22]} Rh5
{[%clk 0:51:50]} 45. g3 {[%clk 0:28:24]} axb4 {[%clk 0:45:28]} 46. axb4
{[%clk 0:28:09]} Rc7 {[%clk 0:41:25]} 47. Rb1 {[%clk 0:24:02]} Bf8
{[%clk 0:40:52]} 48. Kg2 {[%clk 0:23:32]} Rg7 {[%clk 0:38:33]} 49. Kh2
{[%clk 0:21:23]} Rf7 {[%clk 0:37:51]} 50. Rd2 {[%clk 0:15:22]} fxg3+
{[%clk 0:35:50]} 51. fxg3 {[%clk 0:15:20]} Rhf5 {[%clk 0:35:51]} 52. g4
{[%clk 0:15:00]} Rf4 {[%clk 0:34:00]} 53. Nd6 {[%clk 0:14:30]} Rh7
{[%clk 0:33:52]} 54. Bg3 {[%clk 0:13:53]} Rxg4 {[%clk 0:33:54]} 55. b5
{[%clk 0:12:54]} Nf4 {[%clk 0:33:41]} 56. Bxf4 {[%clk 0:11:43]} Rxf4
{[%clk 0:33:56]} 57. bxc6 {[%clk 0:11:33]} bxc6 {[%clk 0:33:56]} 58. Rb8
{[%clk 0:08:51]} Rf3 {[%clk 0:31:48]} 59. Rg2+ {[%clk 0:09:03]} Rg7
{[%clk 0:30:47]} 60. Rc8 {[%clk 0:05:34]} Rxg2+ {[%clk 0:24:57]} 61. Kxg2
{[%clk 0:06:03]} Rc3 {[%clk 0:24:25]} 62. Ne4 {[%clk 0:06:32]} Rc2+
{[%clk 0:21:27]} 63. Kf3 {[%clk 0:06:54]} Kf7 {[%clk 0:17:50]} 64. Rxc6
{[%clk 0:07:12]} Be7 {[%clk 0:17:48]} 65. Kg4 {[%clk 0:07:00]} Rg2+
{[%clk 0:17:46]} 66. Kf5 {[%clk 0:07:21]} Rh2 {[%clk 0:16:11]} 67. Rc7
{[%clk 0:07:47]} Kf8 {[%clk 0:15:59]} 68. Rc8+ {[%clk 0:06:13]} Kf7
{[%clk 0:16:12]} 69. c6 {[%clk 0:03:46]} Rxh3 {[%clk 0:15:18]} 70. c7
{[%clk 0:04:15]} Rh5+ {[%clk 0:14:50]} 71. Kf4 {[%clk 0:04:40]} Rh4+
{[%clk 0:12:47]} 72. Ke3 {[%clk 0:05:09]} Rh2 {[%clk 0:10:55]} 73. Ra8
{[%clk 0:04:26]} Rc2 {[%clk 0:11:11]} 74. c8=Q {[%clk 0:04:47]} Rxc8
{[%clk 0:11:24]} 75. Rxc8 {[%clk 0:05:15]} Ke6 {[%clk 0:11:42]} 76. Kd4
{[%clk 0:05:24]} Ba3 {[%clk 0:12:00]} 77. Rc6+ {[%clk 0:05:50]} Kd7
{[%clk 0:11:30]} 78. Kd5 {[%clk 0:06:19]} Bb4 {[%clk 0:11:35]} 79. Rb6
{[%clk 0:06:30]} Ba3 {[%clk 0:11:28]} 80. Rb7+ {[%clk 0:06:52]} Ke8
{[%clk 0:11:42]} 81. Ke6 {[%clk 0:06:47]} Kd8 {[%clk 0:12:00]} 82. Nd6
{[%clk 0:07:05]} 1-0

[Event "Wolrd Chess Olympiad 2018"]
[Site "Batumi"]
[Date "2018.10.02"]
[Round "8"]
[Board "2"]
[WhiteFideId "19800193"]
[White "Ndiaye Amadou"]
[BlackFideId "12101001"]
[Black "Salih Al Hor"]
[Result "0-1"]
[LiveChessVersion "1.4.8"]
[BlackElo "1847"]
[WhiteElo "2061"]

1. e4 {[%clk 1:30:54]} d6 {[%clk 1:27:00]} 2. d4 {[%clk 1:30:07]} Nf6
{[%clk 1:26:14]} 3. Bd3 {[%clk 1:29:32]} e5 {[%clk 1:25:50]} 4. Nf3
{[%clk 1:27:27]} Bg4 {[%clk 1:25:56]} 5. dxe5 {[%clk 1:26:18]} dxe5
{[%clk 1:25:50]} 6. O-O {[%clk 1:21:23]} Bd6 {[%clk 1:25:17]} 7. Re1
{[%clk 1:20:33]} Nbd7 {[%clk 1:25:14]} 8. Nbd2 {[%clk 1:19:41]} Nc5
{[%clk 1:23:49]} 9. Be2 {[%clk 1:17:55]} Qd7 {[%clk 1:21:26]} 10. Ng5
{[%clk 1:15:11]} h5 {[%clk 1:18:34]} 11. f3 {[%clk 1:13:19]} Be6 {[%clk 1:18:54]}
12. b4 {[%clk 1:12:27]} Na4 {[%clk 1:18:19]} 13. Nb1 {[%clk 1:09:25]} Bxb4
{[%clk 1:12:15]} 14. Qxd7+ {[%clk 1:09:17]} Bxd7 {[%clk 1:12:09]} 15. Bd2
{[%clk 1:08:51]} Bxd2 {[%clk 1:06:19]} 16. Nxd2 {[%clk 1:09:18]} O-O
{[%clk 1:06:00]} 17. Nc4 {[%clk 1:08:39]} Rfe8 {[%clk 1:04:53]} 18. Ne3
{[%clk 1:09:03]} b5 {[%clk 1:03:28]} 19. c4 {[%clk 1:08:01]} c6 {[%clk 1:02:48]}
20. Rac1 {[%clk 1:06:20]} b4 {[%clk 1:01:32]} 21. c5 {[%clk 1:06:10]} Nh7
{[%clk 0:59:56]} 22. Nxh7 {[%clk 1:00:06]} Kxh7 {[%clk 1:00:17]} 23. Nc4
{[%clk 0:56:34]} Nc3 {[%clk 0:48:30]} 24. Rc2 {[%clk 0:52:56]} Nxe2+
{[%clk 0:43:25]} 25. Rexe2 {[%clk 0:53:10]} f6 {[%clk 0:41:13]} 26. Red2
{[%clk 0:52:42]} Be6 {[%clk 0:39:48]} 27. Na5 {[%clk 0:50:11]} Re7
{[%clk 0:33:12]} 28. Rb2 {[%clk 0:44:02]} b3 {[%clk 0:29:41]} 29. axb3
{[%clk 0:44:14]} Rc7 {[%clk 0:28:46]} 30. Rd6 {[%clk 0:43:48]} Bf7
{[%clk 0:27:59]} 31. b4 {[%clk 0:40:10]} Rac8 {[%clk 0:27:56]} 32. Rbd2
{[%clk 0:39:46]} Be8 {[%clk 0:26:43]} 33. Kf2 {[%clk 0:34:50]} Kg6
{[%clk 0:26:24]} 34. Ke3 {[%clk 0:32:46]} Kf7 {[%clk 0:26:39]} 35. Rd8
{[%clk 0:32:43]} Ke7 {[%clk 0:26:02]} 36. Rxc8 {[%clk 0:31:19]} Rxc8
{[%clk 0:25:58]} 37. Ra2 {[%clk 0:25:24]} Rc7 {[%clk 0:19:56]} 38. Rd2
{[%clk 0:24:21]} Rc8 {[%clk 0:19:20]} 39. Ra2 {[%clk 0:15:58]} Rc7
{[%clk 0:19:28]} 40. Ra1 {[%clk 0:45:30]} Bf7 {[%clk 0:48:58]} 41. Ra3
{[%clk 0:45:33]} g6 {[%clk 0:48:47]} 42. h4 {[%clk 0:44:57]} f5 {[%clk 0:47:57]}
43. exf5 {[%clk 0:44:58]} gxf5 {[%clk 0:48:21]} 44. g3 {[%clk 0:45:16]} Bd5
{[%clk 0:48:33]} 45. f4 {[%clk 0:44:23]} e4 {[%clk 0:48:39]} 46. Kd4
{[%clk 0:40:26]} Rd7 {[%clk 0:46:59]} 47. Ke5 {[%clk 0:39:38]} Be6
{[%clk 0:47:15]} 48. Nxc6+ {[%clk 0:39:03]} Kf7 {[%clk 0:46:44]} 49. Rxa7
{[%clk 0:35:02]} Rxa7 {[%clk 0:46:40]} 50. Nxa7 {[%clk 0:35:30]} e3
{[%clk 0:46:56]} 51. Nb5 0-1

[Event "Wolrd Chess Olympiad 2018"]
[Site "Batumi"]
[Date "2018.10.02"]
[Round "8"]
[Board "3"]
[WhiteFideId "12100986"]
[White "Ghanem Al Shamari"]
[BlackFideId "19800380"]
[Black "Maiga Baba Moulaye Abdalla"]
[Result "0-1"]
[LiveChessVersion "1.4.8"]
[BlackElo "1978"]
[WhiteElo "1840"]

1. d4 {[%clk 1:30:57]} d5 {[%clk 1:30:47]} 2. Bf4 {[%clk 1:31:12]} Bf5
{[%clk 1:30:35]} 3. Nf3 {[%clk 1:31:37]} e6 {[%clk 1:30:43]} 4. e3
{[%clk 1:31:46]} Nf6 {[%clk 1:30:48]} 5. Ne5 {[%clk 1:31:51]} Bd6
{[%clk 1:30:20]} 6. Be2 {[%clk 1:31:05]} h6 {[%clk 1:30:04]} 7. O-O
{[%clk 1:30:09]} a6 {[%clk 1:29:58]} 8. c4 {[%clk 1:29:32]} O-O {[%clk 1:29:01]}
9. c5 {[%clk 1:28:17]} Bxe5 {[%clk 1:29:12]} 10. Bxe5 {[%clk 1:27:58]} Nbd7
{[%clk 1:29:08]} 11. Bf4 {[%clk 1:27:48]} g5 {[%clk 1:27:21]} 12. Bg3
{[%clk 1:26:53]} Ne4 {[%clk 1:27:29]} 13. Nc3 {[%clk 1:23:19]} Nxc3
{[%clk 1:26:34]} 14. bxc3 {[%clk 1:23:10]} b6 {[%clk 1:26:49]} 15. c6
{[%clk 1:17:16]} Nf6 {[%clk 1:24:44]} 16. f3 {[%clk 1:13:03]} Bg6
{[%clk 1:20:36]} 17. Be5 {[%clk 1:08:31]} Ne8 {[%clk 1:17:31]} 18. c4
{[%clk 1:06:10]} f6 {[%clk 1:15:55]} 19. Bg3 {[%clk 1:06:09]} Nd6
{[%clk 1:14:06]} 20. cxd5 {[%clk 0:59:02]} exd5 {[%clk 1:14:06]} 21. Bd3
{[%clk 0:53:25]} Nf5 {[%clk 1:10:27]} 22. Qb1 {[%clk 0:47:19]} Nxg3
{[%clk 1:07:46]} 23. hxg3 {[%clk 0:41:22]} Bxd3 {[%clk 1:05:48]} 24. Qxd3
{[%clk 0:41:48]} Kg7 {[%clk 1:04:43]} 25. e4 {[%clk 0:37:27]} Qd6
{[%clk 1:04:07]} 26. f4 {[%clk 0:26:46]} dxe4 {[%clk 1:02:46]} 27. Qxe4
{[%clk 0:24:14]} Rae8 {[%clk 1:02:03]} 28. Qd3 {[%clk 0:23:43]} Qxc6
{[%clk 0:59:46]} 29. Qxa6 {[%clk 0:24:07]} Qd5 {[%clk 0:59:31]} 30. Qd3
{[%clk 0:23:09]} c5 {[%clk 0:59:27]} 31. Rad1 {[%clk 0:20:30]} c4
{[%clk 0:57:22]} 32. Qc3 {[%clk 0:19:07]} Re2 {[%clk 0:57:07]} 33. Rf2
{[%clk 0:19:05]} Rfe8 {[%clk 0:56:54]} 34. a4 {[%clk 0:16:21]} R2e3
{[%clk 0:53:43]} 35. Qb4 {[%clk 0:16:03]} Rb3 {[%clk 0:53:30]} 36. Qd2
{[%clk 0:15:44]} Rd3 {[%clk 0:53:15]} 37. Qc2 {[%clk 0:15:37]} Qxd4
{[%clk 0:53:17]} 38. Rxd3 {[%clk 0:14:57]} Qxd3 {[%clk 0:52:29]} 39. Qxd3
{[%clk 0:14:24]} cxd3 {[%clk 0:52:47]} 40. Rd2 {[%clk 0:44:33]} Rd8
{[%clk 1:21:42]} 41. Kf2 {[%clk 0:44:45]} gxf4 {[%clk 1:21:29]} 42. gxf4
{[%clk 0:45:02]} Rd4 {[%clk 1:21:33]} 43. Ke3 {[%clk 0:44:58]} Rxa4
{[%clk 1:21:09]} 44. Rxd3 {[%clk 0:45:09]} Rb4 {[%clk 1:20:18]} 45. f5
{[%clk 0:44:33]} h5 {[%clk 1:20:22]} 46. Kf2 {[%clk 0:43:31]} Rf4+
{[%clk 1:20:26]} 47. Kg1 {[%clk 0:40:53]} Rxf5 {[%clk 1:20:45]} 48. Rb3
{[%clk 0:40:54]} b5 {[%clk 1:21:04]} 49. Rb4 {[%clk 0:41:17]} Kg6
{[%clk 1:20:31]} 50. Kh2 {[%clk 0:41:26]} Kg5 {[%clk 1:19:36]} 51. Kh3
{[%clk 0:41:27]} Rc5 {[%clk 1:19:06]} 52. Kh2 {[%clk 0:41:19]} f5
{[%clk 1:19:24]} 53. Kh3 {[%clk 0:41:25]} f4 {[%clk 1:19:39]} 54. Rb3
{[%clk 0:41:10]} Re5 {[%clk 1:19:36]} 55. Kh2 {[%clk 0:41:24]} Kf5
{[%clk 1:17:31]} 56. Rb4 {[%clk 0:41:21]} Kg4 {[%clk 1:17:19]} 57. Rb3
{[%clk 0:41:08]} Rf5 {[%clk 1:17:20]} 58. Rb4 {[%clk 0:40:42]} Kg5
{[%clk 1:17:06]} 59. Rb3 {[%clk 0:40:50]} Kf6 {[%clk 1:17:24]} 60. Rb4
{[%clk 0:40:51]} Ke6 {[%clk 1:17:36]} 61. Kh3 {[%clk 0:40:03]} Kd6
{[%clk 1:17:49]} 62. Rb3 {[%clk 0:39:51]} Kc5 {[%clk 1:17:59]} 63. Rf3
{[%clk 0:40:00]} Kd4 {[%clk 1:17:25]} 64. g4 {[%clk 0:39:29]} hxg4+ 65. Kxg4 Rf8
{[%clk 1:17:13]} 66. Rf1 {[%clk 0:39:18]} b4 {[%clk 1:17:09]} 67. Kf3
{[%clk 0:39:30]} b3 {[%clk 1:17:15]} 0-1

[Event "Wolrd Chess Olympiad 2018"]
[Site "Batumi"]
[Date "2018.10.02"]
[Round "8"]
[Board "1"]
[WhiteFideId "20700245"]
[White "Hlophe Smilo"]
[BlackFideId "10400222"]
[Black "Karelina Polina"]
[Result "1/2-1/2"]
[LiveChessVersion "1.4.8"]
[BlackElo "1631"]
[WhiteElo "1608"]

1. Nf3 {[%clk 1:30:57]} Nf6 {[%clk 1:30:46]} 2. c4 {[%clk 1:31:25]} g6
{[%clk 1:30:59]} 3. b3 {[%clk 1:31:51]} Bg7 {[%clk 1:31:07]} 4. Bb2
{[%clk 1:32:19]} O-O {[%clk 1:30:31]} 5. g3 {[%clk 1:32:47]} d6 {[%clk 1:30:01]}
6. Bg2 {[%clk 1:33:13]} e5 {[%clk 1:29:05]} 7. d3 {[%clk 1:33:36]} a5
{[%clk 1:26:47]} 8. O-O {[%clk 1:28:38]} Na6 {[%clk 1:24:33]} 9. Nbd2
{[%clk 1:28:21]} Nc5 {[%clk 1:24:38]} 10. Qc2 {[%clk 1:28:30]} c6
{[%clk 1:22:55]} 11. Rab1 {[%clk 1:28:34]} Bd7 {[%clk 1:20:22]} 12. Ba3
{[%clk 1:28:47]} b6 {[%clk 1:18:27]} 13. b4 {[%clk 1:29:00]} axb4
{[%clk 1:17:51]} 14. Bxb4 {[%clk 1:29:28]} Qc7 {[%clk 1:15:49]} 15. Bc3
{[%clk 1:26:23]} Ra6 {[%clk 1:12:43]} 16. Nb3 {[%clk 1:24:49]} Rfa8
{[%clk 1:10:49]} 17. Nc1 {[%clk 1:22:52]} e4 {[%clk 1:07:17]} 18. Nd4
{[%clk 1:19:56]} exd3 {[%clk 1:02:36]} 19. exd3 {[%clk 1:19:20]} Ne6
{[%clk 0:57:27]} 20. Qb2 {[%clk 1:18:43]} Nh5 {[%clk 0:52:57]} 21. Nxe6
{[%clk 1:10:50]} Bxe6 {[%clk 0:51:58]} 22. Bxg7 {[%clk 1:05:43]} Nxg7
{[%clk 0:52:20]} 23. Re1 {[%clk 0:56:13]} Bf5 {[%clk 0:48:08]} 24. Qf6
{[%clk 0:51:08]} Re8 {[%clk 0:44:26]} 25. Rxe8+ {[%clk 0:48:20]} Nxe8
{[%clk 0:44:49]} 26. Qc3 {[%clk 0:48:36]} Ng7 {[%clk 0:44:15]} 27. Rb2
{[%clk 0:48:56]} Ne6 {[%clk 0:44:04]} 28. Re2 {[%clk 0:49:08]} Ra8
{[%clk 0:41:13]} 29. h3 {[%clk 0:49:08]} h5 {[%clk 0:39:20]} 30. Qf6
{[%clk 0:49:35]} Re8 {[%clk 0:34:19]} 31. d4 {[%clk 0:36:31]} Ng7
{[%clk 0:34:09]} 32. Rxe8+ {[%clk 0:34:55]} Nxe8 {[%clk 0:34:36]} 33. Qg5
{[%clk 0:34:55]} Qd7 {[%clk 0:32:11]} 34. d5 {[%clk 0:32:24]} c5 {[%clk 0:29:58]}
35. h4 {[%clk 0:31:18]} f6 {[%clk 0:26:50]} 36. Qe3 {[%clk 0:31:36]} Kf7
{[%clk 0:27:06]} 37. Qa3 {[%clk 0:29:16]} Nc7 {[%clk 0:24:58]} 38. Qa7
{[%clk 0:29:24]} b5 {[%clk 0:24:50]} 39. cxb5 {[%clk 0:25:20]} Nxb5
{[%clk 0:25:10]} 40. Qb6 {[%clk 0:52:41]} Nc3 {[%clk 0:53:05]} 41. Qb3
{[%clk 0:50:58]} Na4 {[%clk 0:51:34]} 42. Ne2 {[%clk 0:49:07]} Qa7
{[%clk 0:49:20]} 43. a3 {[%clk 0:44:30]} Nb6 {[%clk 0:47:32]} 44. Nc3
{[%clk 0:44:32]} Bd7 {[%clk 0:46:57]} 45. Ne4 {[%clk 0:43:05]} Ke7
{[%clk 0:45:53]} 46. Qe3 {[%clk 0:39:43]} Nxd5 {[%clk 0:43:07]} 47. Qh6
{[%clk 0:38:46]} Be8 {[%clk 0:42:02]} 48. Qg7+ {[%clk 0:31:24]} Bf7
{[%clk 0:41:13]} 49. Ng5 {[%clk 0:31:00]} fxg5 {[%clk 0:41:11]} 1/2-1/2

[Event "Wolrd Chess Olympiad 2018"]
[Site "Batumi"]
[Date "2018.10.02"]
[Round "8"]
[Board "2"]
[WhiteFideId "10400583"]
[White "Moncur Cecil"]
[BlackFideId "20700113"]
[Black "Mbongeni Mabuza"]
[Result "0-1"]
[LiveChessVersion "1.4.8"]
[BlackElo "1560"]
[WhiteElo "1873"]

1. d4 {[%clk 1:30:25]} f5 {[%clk 1:30:54]} 2. g3 {[%clk 1:30:36]} Nf6
{[%clk 1:31:22]} 3. Bg2 {[%clk 1:30:56]} e6 {[%clk 1:31:41]} 4. Nh3
{[%clk 1:31:19]} Be7 {[%clk 1:31:42]} 5. O-O {[%clk 1:30:44]} d5 {[%clk 1:31:40]}
6. c4 {[%clk 1:30:38]} c6 {[%clk 1:32:01]} 7. cxd5 {[%clk 1:30:46]} cxd5
{[%clk 1:32:20]} 8. Nc3 {[%clk 1:29:01]} O-O {[%clk 1:32:04]} 9. Nf4
{[%clk 1:19:18]} Nc6 {[%clk 1:29:32]} 10. e3 {[%clk 1:17:06]} Bd7
{[%clk 1:21:38]} 11. f3 {[%clk 1:16:26]} Qb6 {[%clk 1:21:22]} 12. Kh1
{[%clk 1:09:07]} Kh8 {[%clk 1:14:14]} 13. a3 {[%clk 1:01:55]} Rac8
{[%clk 1:12:47]} 14. Na4 {[%clk 1:00:05]} Qb5 {[%clk 1:11:47]} 15. Nc3
{[%clk 0:58:48]} Qb6 {[%clk 1:11:51]} 16. Na4 {[%clk 0:59:17]} Qb5
{[%clk 1:12:01]} 17. Nc3 Qb6 {[%clk 1:10:59]} 18. Nfe2 {[%clk 0:54:58]} Na5
{[%clk 1:09:01]} 19. b4 {[%clk 0:53:19]} Nc4 {[%clk 1:08:54]} 20. e4
{[%clk 0:52:37]} fxe4 {[%clk 1:07:56]} 21. fxe4 {[%clk 0:52:50]} Ng4
{[%clk 1:08:12]} 22. Rxf8+ {[%clk 0:48:25]} Rxf8 {[%clk 1:08:26]} 23. Qb3
{[%clk 0:43:54]} Nce3 {[%clk 0:56:59]} 24. Bxe3 {[%clk 0:39:42]} Nxe3
{[%clk 0:57:16]} 25. Nxd5 {[%clk 0:38:47]} Nxd5 {[%clk 0:47:00]} 26. exd5
{[%clk 0:38:42]} exd5 {[%clk 0:47:03]} 27. Bxd5 {[%clk 0:38:24]} Rf2
{[%clk 0:44:02]} 28. Qe3 {[%clk 0:36:57]} Qf6 {[%clk 0:43:28]} 29. Nf4
{[%clk 0:36:06]} Rc2 {[%clk 0:43:16]} 30. Bxb7 {[%clk 0:34:17]} Qh6
{[%clk 0:42:24]} 31. Ng2 {[%clk 0:27:38]} Qd6 {[%clk 0:34:09]} 32. Re1
{[%clk 0:24:45]} Bf8 {[%clk 0:33:22]} 33. Qf4 {[%clk 0:22:44]} Rc3
{[%clk 0:28:17]} 34. Rf1 {[%clk 0:17:39]} Be7 {[%clk 0:28:29]} 35. Qf7
{[%clk 0:16:26]} Bf6 {[%clk 0:17:21]} 36. Qd5 {[%clk 0:06:51]} Qxd5
{[%clk 0:16:46]} 37. Bxd5 {[%clk 0:07:20]} Rxa3 {[%clk 0:16:51]} 0-1